000 00670nam a2200217 4500
003 OSt
005 20230920092918.0
006 k|||||r|||| 00| zz
008 708 R549v
040 _cLado V
082 _a708
_bM993m
100 _91072
_aMuyale, Osaira
_eautor
245 _aThe mystery of the soul/
260 _bStichting Artimo
_aAruba
_c1996
300 _a222p.
_c23x15cm
650 _2Tesauro de Arte & Arquitectura
_aARTE
_9702
650 _2Tesauro de Arte & Arquitectura
_aPINTURA
_9702
650 _2Tesauro de Arte & Arquitectura
_aESCULTURA
650 _2Tesauro de Arte & Arquitectura
_aFOTOGRAFÍA
_9702
942 _2ddc
_c1
_h708
_iM993m
_n0
999 _c4343
_d4343